US State Capital Names Which Do Not Contain the Letter “O” - Statistics

General Stats
  • This quiz has been taken 192 times
  • The average score is 15 of 20
Answer Stats
Hint Answer % Correct
Austin
90%
Albany
86%
Atlanta
84%
Tallahassee
84%
Salt Lake City
80%
Santa Fe
80%
Denver
79%
Nashville
79%
Salem
79%
Augusta
78%
Juneau
78%
Raleigh
75%
Helena
73%
Lansing
73%
Springfield
73%
Pierre
72%
Bismarck
71%
Harrisburg
70%
St. Paul
70%
Cheyenne
69%
No matching quizzes found
Score Distribution
Percent of People with Each Score
Percentile by Number Answered
Your Score History
You have not taken this quiz